[Event "CP-2008-Q-00004"]
[Site "LSS email"]
[Date "2010.01.10"]
[Round "?"]
[White "Insolia, Roberto"]
[Black "Degterev, Pavel"]
[Result "1/2-1/2"]
[WhiteElo "1958"]
[BlackElo "2269"]
[PlyCount "53"]
[EventDate "2010.01.15"]
[EventType "tourn (corr)"]
[EventRounds "6"]
[EventCountry "GER"]
[SourceTitle "Corr 2013"]
[Source "ChessBase"]
[SourceDate "2012.11.12"]
[SourceVersion "1"]
[SourceVersionDate "2012.11.12"]
[SourceQuality "1"]

1. d4 Nf6 2. c4 c5 3. d5 e6 4. Nc3 exd5 5. cxd5 d6 6. Nf3 g6 7. Nd2 Nbd7 8. Nc4 Nb6 9. e4 Bg7 10. Ne3 Qe7 11. Bd3 Nxe4 12. Nxe4 f5 13. Nc3 f4 14. 0-0 fxe3 15. Bxe3 0-0 16. Re1 Be5 17. f4 Bxc3 18. bxc3 Qf6 19. Qb3 Bd7 20. Rac1 Rae8 21. Bd2 Rxe1+ 22. Rxe1 Re8 23. Rxe8+ Bxe8 24. Be2 Ba4 25. Qa3 Qf5 26. c4 Qe4 27. Qd3 1/2-1/2

[Event "LSS No Engine Cup Gr01 prel 02 email"]
[Site "LSS email"]
[Date "2009.06.29"]
[Round "?"]
[White "Insolia, Roberto"]
[Black "Raluy Lopez, Marcos"]
[Result "1/2-1/2"]
[WhiteElo "1978"]
[BlackElo "1922"]
[PlyCount "48"]
[EventDate "2009.06.30"]
[EventType "tourn (corr)"]
[EventRounds "6"]
[EventCountry "GER"]
[SourceTitle "Telechess CBM 137"]
[Source "ChessBase"]
[SourceDate "2010.07.15"]
[SourceVersion "1"]
[SourceVersionDate "2010.07.15"]
[SourceQuality "1"]

1. d4 d5 2. c4 Bf5 3. cxd5 Bxb1 4. Qa4+ c6 5. Rxb1 Qxd5 6. f3 e5 7. dxe5 Qxe5 8. e4 Nd7 9. Nh3 Nb6 10. Qb3 Bc5 11. Nf2 Qe7 12. Bd2 0-0-0 13. Bc3 Nf6 14. Be2 Bxf2+ 15. Kxf2 Qc5+ 16. Ke1 Qg5 17. Kf2 Rhe8 18. Rhd1 Qc5+ 19. Kf1 Qe7 20. Bb4 Qc7 21. a4 Qxh2 22. a5 Rxd1+ 23. Rxd1 Nbd5 24. exd5 Nxd5 1/2-1/2

[Event "LSS No Engine Cup Gr01 prel 02 email"]
[Site "LSS email"]
[Date "2009.06.29"]
[Round "?"]
[White "Tavani, Alberto"]
[Black "Insolia, Roberto"]
[Result "1/2-1/2"]
[WhiteElo "2236"]
[BlackElo "1994"]
[PlyCount "43"]
[EventDate "2009.06.30"]
[EventType "tourn (corr)"]
[EventRounds "6"]
[EventCountry "GER"]
[SourceTitle "Telechess CBM 135"]
[Source "ChessBase"]
[SourceDate "2010.03.17"]
[SourceVersion "1"]
[SourceVersionDate "2010.03.17"]
[SourceQuality "1"]

1. d4 Nf6 2. c4 e6 3. g3 d5 4. Bg2 Be7 5. Nf3 0-0 6. Qc2 c5 7. cxd5 cxd4 8. Nxd4 Qb6 9. Be3 Nxd5 10. Bxd5 exd5 11. 0-0 Nc6 12. Nxc6 Qxc6 13. Rc1 Qxc2 14. Rxc2 Bf6 15. Rd2 b6 16. Na3 Ba6 17. Rb1 Rac8 18. Kf1 Rfd8 19. Rbd1 h6 20. b3 Be7 21. Nc2 Bb7 22. Nd4 1/2-1/2

[Event "LSS CP-2008-P-00043"]
[Site "LSS email"]
[Date "2008.10.07"]
[Round "?"]
[White "Insolia, Roberto"]
[Black "Rheinstaedtler, Klaus"]
[Result "1-0"]
[WhiteElo "1946"]
[BlackElo "2126"]
[PlyCount "127"]
[EventDate "2008.10.01"]
[EventType "tourn (corr)"]
[EventRounds "6"]
[EventCountry "GER"]
[SourceTitle "Corr 2011"]
[Source "ChessBase"]
[SourceDate "2010.08.31"]
[SourceVersion "1"]
[SourceVersionDate "2010.08.31"]
[SourceQuality "1"]

1. d4 Nf6 2. c4 g6 3. Nc3 d5 4. cxd5 Nxd5 5. e4 Nxc3 6. bxc3 Bg7 7. Bc4 c5 8. Ne2 Nc6 9. Be3 0-0 10. 0-0 Bg4 11. f3 cxd4 12. cxd4 Na5 13. Bxf7+ Rxf7 14. fxg4 Rxf1+ 15. Kxf1 e5 16. d5 Nc4 17. Qd3 Rc8 18. Rc1 b5 19. Bf2 a6 20. a4 Bh6 21. Rc2 Qa5 22. d6 Qxa4 23. d7 Rd8 24. Qd5+ Kg7 25. Nd4 Qa1+ 26. Ke2 Qb1 27. Rxc4 Qa2+ 28. Rc2 Qxd5 29. exd5 exd4 30. Rc7 Bf4 31. Ra7 Kf6 32. Kf3 Bxh2 33. Be1 d3 34. Ba5 Ke7 35. Bxd8+ Kxd8 36. Rxa6 d2 37. Ke2 Bf4 38. Ra7 Be3 39. Rb7 Bf4 40. Rxb5 Kxd7 41. Rb4 Bg5 42. Rb7+ Kd6 43. Rxh7 Kxd5 44. Rg7 Ke4 45. Rxg6 Kf4 46. Kxd2 Kxg4+ 47. Kd3 Kf5 48. Rg8 Bh6 49. Kd4 Kf4 50. Kd5 Kf5 51. Rh8 Bd2 52. Rf8+ Kg4 53. Ke4 Kg5 54. Kf3 Bc1 55. g3 Bd2 56. Rd8 Bb4 57. Rd5+ Kf6 58. Kf4 Kg6 59. g4 Be7 60. g5 Ba3 61. Ra5 Bc1+ 62. Kg4 Be3 63. Rd5 Bc1 64. Rd6+ 1-0

[Event "LSS CP-2008-P-00043"]
[Site "LSS email"]
[Date "2008.10.07"]
[Round "?"]
[White "Insolia, Roberto"]
[Black "Staggat, Rolf"]
[Result "1-0"]
[WhiteElo "1964"]
[BlackElo "1977"]
[PlyCount "113"]
[EventDate "2008.10.01"]
[EventType "tourn (corr)"]
[EventRounds "6"]
[EventCountry "GER"]
[SourceTitle "Corr 2011"]
[Source "ChessBase"]
[SourceDate "2010.08.31"]
[SourceVersion "1"]
[SourceVersionDate "2010.08.31"]
[SourceQuality "1"]

1. d4 Nf6 2. c4 e6 3. Nc3 d5 4. cxd5 exd5 5. Bg5 c6 6. Qc2 Be7 7. e3 Nbd7 8. Bd3 0-0 9. Nf3 Re8 10. 0-0 Nf8 11. h3 g6 12. Ne5 N6d7 13. Bxe7 Qxe7 14. f4 f6 15. Ng4 h5 16. Nf2 f5 17. Rfe1 Nf6 18. Bf1 Ne4 19. Nd3 g5 20. Qe2 g4 21. Ne5 Qh4 22. Nxe4 fxe4 23. Qf2 g3 24. Qd2 Bf5 25. b4 Re7 26. b5 cxb5 27. Bxb5 Qf6 28. Rec1 Qd6 29. Rc2 Rc8 30. Rxc8 Bxc8 31. Rc1 Be6 32. Qa5 b6 33. Qe1 h4 34. Rc6 Qa3 35. Qd2 Kg7 36. Rc3 Qd6 37. Qc1 Ng6 38. a3 Nxe5 39. dxe5 Qd8 40. Rc6 Bd7 41. Rd6 Qc8 42. Qxc8 Bxc8 43. Kf1 Rc7 44. Bc6 Ba6+ 45. Ke1 Bc4 46. f5 Bb3 47. Kd2 a5 48. Rg6+ Kf8 49. Rd6 Ke7 50. Rf6 Rc8 51. a4 Rc7 52. Rh6 Kf8 53. Rd6 Ke7 54. f6+ Kf7 55. Rd7+ Rxd7 56. Bxd7 Bc4 57. Bc6 1-0

[Event "LSS OP-2008-0-00538"]
[Site "LSS email"]
[Date "2008.05.17"]
[Round "?"]
[White "Insolia, Roberto"]
[Black "Tjiptadi, Agus"]
[Result "1-0"]
[WhiteElo "1932"]
[BlackElo "1170"]
[PlyCount "65"]
[EventDate "2008.05.15"]
[EventType "tourn (corr)"]
[EventRounds "4"]
[EventCountry "GER"]
[SourceTitle "Corr 2011"]
[Source "ChessBase"]
[SourceDate "2010.08.31"]
[SourceVersion "1"]
[SourceVersionDate "2010.08.31"]
[SourceQuality "1"]

1. d4 d5 2. c4 e6 3. Nc3 Nf6 4. Bg5 Bb4 5. Nf3 0-0 6. e3 h6 7. Bxf6 Qxf6 8. Rc1 c6 9. a3 Bd6 10. e4 dxe4 11. Nxe4 Qe7 12. Nxd6 Qxd6 13. c5 Qf4 14. Be2 Nd7 15. 0-0 Nf6 16. Qd3 Rd8 17. g3 Qe4 18. Qxe4 Nxe4 19. Rcd1 b6 20. Ne5 Bb7 21. Bf3 f5 22. b4 Rd5 23. Bh5 Rf8 24. Ng6 Rfd8 25. Ne7+ Kf8 26. Nxd5 exd5 27. f3 Nc3 28. Rd3 Nb5 29. Re1 Ba6 30. Bg6 Bc8 31. Rde3 Bd7 32. Re7 Nxd4 33. Rxd7 1-0

[Event "LSS RB-2008-0-00010"]
[Site "LSS email"]
[Date "2008.05.16"]
[Round "?"]
[White "Pagano, Marcelo Rafael"]
[Black "Insolia, Roberto"]
[Result "0-1"]
[WhiteElo "1841"]
[BlackElo "1932"]
[PlyCount "66"]
[EventDate "2008.05.13"]
[EventType "tourn (corr)"]
[EventRounds "6"]
[EventCountry "GER"]
[SourceTitle "Corr 2011"]
[Source "ChessBase"]
[SourceDate "2010.08.31"]
[SourceVersion "1"]
[SourceVersionDate "2010.08.31"]
[SourceQuality "1"]

1. d4 d5 2. Nf3 Nf6 3. c4 c6 4. Nc3 a6 5. h3 b5 6. cxd5 cxd5 7. Bf4 e6 8. e3 Bb7 9. Bd3 Be7 10. 0-0 0-0 11. Ne5 Nbd7 12. a3 Rc8 13. Rc1 Ne4 14. Ne2 Rxc1 15. Qxc1 Nxe5 16. Bxe5 Bd6 17. f3 f6 18. Bxd6 Nxd6 19. Qc2 f5 20. Nf4 Qe7 21. Ne2 Rc8 22. Qb1 Nc4 23. Bxc4 dxc4 24. Nc3 Rd8 25. Qd1 e5 26. d5 Qc5 27. Qe2 a5 28. Rd1 f4 29. Ne4 Qxe3+ 30. Qxe3 fxe3 31. Kf1 Rxd5 32. Rxd5 Bxd5 33. Ke2 Bxe4 0-1